00985pam a2200289 a 45000010005000000030006000050050017000110080041000280100017000690200015000860200027001010400023001280420009001510500022001600820012001821000025001942450082002192500047003012600037003483000042003855050007004275200151004345210019005855210018006046500035006227000038006573264FISKH20240222141553.0900112s1992 nyua j 000 1 eng  a 90030527  a0060224967 a0060224975 (lib. bdg.) aDLCcDLCdDLCbeng alcac00aPZ8.P274bKi 199200a[E]2201 aPaterson, Katherine.14aThe king's equal /cby Katherine Paterson ; illustrated by Curtis Woodbridge  aFirst Scholastic printing, September 1999  aNew York : bScholastic, c1992  a64 pages : billustrations ; c20 cm  aR  aIn order to wear the crown of the kingdom, an arrogant young prince must find an equal in his bride. Instead, he finds someone far better than he.8 a780 bLexile 8 aR bRaz-Plus  1aFairy tales.vjuvenile fiction aWoodbridge, Curtis eIllustrator